000 00774cam a2200205 a 4500
001 000025735
005 20200930024017.0
008 760831s2001 mx ab 000 | spa d
082 _axxx
_bL234h
100 1 _aLamoneda Huerta, Mireya,
_952528
245 1 0 _aHistoria universal :
_bdel hombre del renacimiento al hombre contemporáneo /
_cMireya Lamoneda Huerta, María Eulalia Ribó Bagaría; edición Enrique Quintanar Duarte.
260 _aMéxico, D. F. :
_bPearson Educación ,
_c2001.
300 _axi, 629 p. :
_bil., retrs. ;
_c27 cm.
500 _aIncluye índice analítico
504 _aBibliografía : p. 628-631
700 1 _aRibó Bagaría, María Eulalia,
_952529
700 1 _aQuintanar Duarte, Enrique,
_eed.
_920034
049 _aBNGR
999 _c25227
_d25227
040 _aDO-SdBNP